LEADER 01037nam a2200217 u 4500 001 000000018506 003 CaOOAMICUS 005 20070226110701.0 008 950108s1939 vc u000 u eng u 035 $a10436799 040 $aPUL$bita 100 1 $aLeonard, William.$0(OLS)http://pul/name/16450 245 10$aAuthorship of the Epistle to the Hebrews :$bcritical problems and use of the Old Testament /$cWilliam Leonard. 260 $a[Cittą del Vaticano] :$bVatican polyglot Press,$c1939. 300 $axvi, 426 p. ;$c25 cm 630 04$aBiblia.$pN.T.$pAd Hebraeos$xCritica e interpretazione.$0(OLS)http://pul/subject/9391 850 $aPUL 852 $aPUL$W1$xDP1 Fondo Cecchetti$y53$m266 B 1$j26070$nBK-PRI$b $qFondi$B26070$CPULBib$Z2$F26070 $H1465 $81 941 1 $a1 996 $6245$aAuthorship of the Epistle to the Hebrews :$bcritical problems and use of the Old Testament$9(OLS)http://pul/title/26354 996 $6260$a[Cittą del Vaticano] :$bVatican polyglot Press$9(OLS)http://pul/publisher/55760 LEADER 01633nam a2200325 a 4500 001 000000173947 003 CaOOAMICUS 005 20201112173359.0 006 a 000 u 008 201112s2020 it m 001 u fre r 032 $aLibriCat 040 $aPUL$bita 100 1 $aAnguissa Metogo, Appolinaire.$0(OLS)http://pul/name/111775 245 11$a"Ne nous soumets pas ą la tentation": $bLa signification de la tentation pour la vie filiale aujourd'hui /$cAppolinaire Anguissa Metogo. 260 $aRomae :$b[s.n.],$c2020. 300 $a122 p. ; $c24 cm 502 $aEstratto da Tesi di Dottorato: Pontificia Universitas Lateranensis, Academia Alfonsiana, Institutum Superius Theologiae Moralis, 2020. 504 $aBibliografia : p. [101]-112. 650 4$aFiliazione (teologia).$0(OLS)http://pul/subject/43348 650 4$aPeccato.$0(OLS)http://pul/subject/5639 710 2 $aAccademia Alfonsiana. Istituto superiore di Teologia morale.$kTesi.$0(OLS)http://pul/name/81838 850 $aPUL 852 $aPUL$W1$xDP1 Tesi Acc. Alfonsiana$y28$m2020 B 13$j198081$qTesi$B202771$CPULBib$Z2$F202771 $82 910 $aPontificia Universitą Lateranense. $bAccademia Alfonsiana$981838 910 $aIstituto superiore di Teologia morale. Accademia Alfonsiana$981838 910 $aAcademia Alfonsiana. Institutum superius theologiae moralis$981838 941 1 $a16 996 $6245$a"Ne nous soumets pas ą la tentation": $bLa signification de la tentation pour la vie filiale aujourd'hui $9(OLS)http://pul/title/215176 996 $6260$aRomae :$b[s.n.]$9(OLS)http://pul/publisher/48223